00537nam a2200157Ia 4500008004100000082001500041100002100056245002900077260004600106300001000152630001800162650006200180942000900242952011300251999001500364211109s9999||||xx |||||||||||||| ||und|| a920bMEY-L aMeynell, Everard 0aLife of Francis Thompson bBurns Oates& Washbourne LtdaLondonc1926 a279p. xGeneral Stack aBiography, genealogy & insigniaxBiography- Autobiography cBOOK 00104070aSBCLbSBCLc2d2021-11-09g100.00l0o920 MEY-Lp00003849r2021-11-09 00:00:00w2021-11-09yBOOK c3508d3508